Every Place in Essex County, Ontario on a Map - Statistics

General Stats
  • This quiz has been taken 7 times
  • The average score is 23 of 83
Answers on the Map
Answers color-coded by a green-red scale on the quiz's map according to % correct below.
 
Answer Stats
Type Population* Answer % Correct
Municipality 23,524 Amherstburg
100%
Municipality 22,119 Kingsville
100%
Municipality 32,721 LaSalle
100%
Municipality 29,680 Leamington
100%
Municipality 23,300 Tecumseh
100%
City 229,660 Windsor
100%
Municipality 21,216 Essex
75%
Town 2,562 Harrow
75%
Municipality 40,410 Lakeshore
75%
Community 1,536 McGregor
75%
Town 9,650 Belle River
50%
Community 87 Blytheswood
50%
Community 900 Colchester
50%
Community 672 Comber
50%
Community 723 Cottam
50%
Community 2,724 Emeryville
50%
Community 350 Lighthouse Cove
50%
Community 864 Maidstone
50%
Community Oakland
50%
Community 1,611 Puce
50%
Community 500 River Canard
50%
Community Ruscom Station
50%
Community 460 Ruthven
50%
Town 3,720 St. Clair Beach
50%
Community 104 St. Joachim
50%
Community 1,104 Stoney Point
50%
Community Wigle
50%
Community Albuna
25%
Community Amherst Point
25%
Community Arner
25%
Community Bar Point
25%
Community Belcreft Beach
25%
Community Delisle's Corner
25%
Community Elford
25%
Community Elmdale
25%
Community 8,353 Essex Centre
25%
Community Klondyke
25%
Community Lakewood Beach
25%
Community 2 Oldcastle
25%
Community 160 Oliver
25%
Community 59 Oxley
25%
Community Paquette
25%
Community 100 Paquette Corners
25%
Community Seacliffe
25%
Community 50 Sunset Beach
25%
Community Willow Beach
25%
Community Willowood
25%
Community Windfall
25%
Community 499 Woodslee
25%
Community Ambassador Beach
0%
Community Barretville
0%
Community Busy Bee Corners
0%
Community Cedar Beach
0%
Community 210 Cedarhurst Park
0%
Community Cedar Island
0%
Community Chalmers
0%
Community Cherry Lane Estates
0%
Community Deerbrook
0%
Community Edgars
0%
Community Edgewater Beach
0%
Community Erie Curve
0%
Community Erieview Beach
0%
Community 104 Gesto
0%
Community Goldsmith
0%
Community Heritage Estates
0%
Community Hillman
0%
Community Klie's Beach
0%
Community Leslies Corner
0%
Community Levergood Beach
0%
Community 197 Linden Beach
0%
Community Lukerville
0%
Community Lypps Beach
0%
Community Malden Centre
0%
Community Marentette Beach
0%
Community Marshfield
0%
Community Mount Carmel
0%
Community New Canaan
0%
Community North Ridge
0%
Community Olinda
0%
Community Seymour Beach
0%
Community Sturgeon Woods
0%
Community Union
0%
Community Vereker
0%
No matching quizzes found
Score Distribution
Percent of People with Each Score
Percentile by Number Answered
Your Score History
You have not taken this quiz